书目信息 |
| 题名: |
中国政治智慧
|
|
| 作者: | 周桂钿, , 周桂钿 著 | |
| 分册: | ||
| 出版信息: | 福州 福建教育出版社 2016 |
|
| 页数: | 487页, [2] 页图版 | |
| 开本: | 24cm | |
| 丛书名: | 周桂钿文集 | |
| 单 册: | ||
| 中图分类: | D092.2 | |
| 科图分类: | ||
| 主题词: | 政治哲学--zheng zhi zhe xue--研究--中国--古代 | |
| 电子资源: | ||
| ISBN: | 978-7-5334-7064-7 | |
| 000 | 01292nam 2200301 450 | |
| 001 | 012017000159 | |
| 005 | 20180116202238.84 | |
| 010 | @a978-7-5334-7064-7@b精装@dCNY98.00 | |
| 100 | @a20160813d2016 em y0chiy0121 ea | |
| 101 | 0 | @achi |
| 102 | @aCN@b350000 | |
| 105 | @aafh z 000yy | |
| 106 | @ar | |
| 200 | 1 | @a中国政治智慧@Azhong guo zheng zhi zhi hui@f周桂钿著@Fzhou gui dian zhu@g |
| 210 | @a福州@c福建教育出版社@d2016 | |
| 215 | @a487页, [2] 页图版@c图, 摹真@d24cm | |
| 225 | 2 | @a周桂钿文集@Azhou gui dian wen ji |
| 314 | @a本书著: 周桂钿 | |
| 314 | @a周桂钿, 男, 1943年出生, 福建长乐人, 北京师范大学教授, 博士生导师, 中华孔子学会副会长, 中国朱子学会副会长, 国际儒学联合会顾问。 | |
| 330 | @a中国悠久的传统文化, 蕴含着丰富的政治哲学和智慧。本书以天命论、大一统论、以民为本、为政以德、和而不同、德才兼备、浩气正当、以史为鉴等十个方面进行了深入浅出的讲解。另外还收集整理了作者关于政治哲学方面的文章。本书对于广大对中国传统政治哲学感兴趣的学者和读者具有很好的参考价值。 | |
| 410 | 0 | @12001 @a周桂钿文集 |
| 606 | 0 | @a政治哲学@Azheng zhi zhe xue@x研究@y中国@z古代 |
| 690 | @aD092.2@v5 | |
| 701 | 0 | @a周桂钿,@Azhou gui dian@f1943-@4著 |
| 701 | 0 | @a周桂钿@Azhou gui dian@4著 |
| 801 | 0 | @aCN@b湖北三新@c20161127@g |
| 905 | @aBZT@dD092.2@e2 | |
| 906 | @dCNY98.00@n5@r1 | |
| 中国政治智慧/周桂钿著.-福州:福建教育出版社,2016 |
| 487页, [2] 页图版:图, 摹真;24cm.-(周桂钿文集) |
| ISBN 978-7-5334-7064-7(精装):CNY98.00 |
| 中国悠久的传统文化, 蕴含着丰富的政治哲学和智慧。本书以天命论、大一统论、以民为本、为政以德、和而不同、德才兼备、浩气正当、以史为鉴等十个方面进行了深入浅出的讲解。另外还收集整理了作者关于政治哲学方面的文章。本书对于广大对中国传统政治哲学感兴趣的学者和读者具有很好的参考价值。 |
| ● |
| 相关链接 |
|
|
|
正题名:中国政治智慧
索取号:D092.2/2
 
预约/预借
| 序号 | 登录号 | 条形码 | 馆藏地/架位号 | 状态 | 备注 |
| 1 | 845832 | 2000845832 | 第二书库/ [索取号:D092.2/2] | 在馆 | |
| 2 | 845833 | 2000845833 | 第二书库/ [索取号:D092.2/2] | 在馆 | |
| 3 | 845834 | 2000845834 | 思政阅览室/思1架A面2层5列/ [索取号:D092.2/2] | 在馆 |